00370nam a2200145Ia 4500008004100000020001800041041000800059082001800067100005100085245001900136250000600155260003000161300001300191650002000204210716s2015 xx 000 0 und d a9788132233480 aeng a621.3821 MACD aMacLean, Dave;Komatinenei, Satya;Allen, Grant. aPro android 5. a1 aNew DelhibSpringerc2015 axxxv,712 aDigital Systems